00678nam a2200205Ia 450000500170000000800410001702000180005804100120007608200160008810000270010424501300013125000120026126000540027330000200032765000200034765000290036765000300039670000250042670000210045120260429112044.0260429s9999||||xx |||||||||||||| ||und|| a9789390175031 aEnglish a631.46bMIS aMishra, Bibhuti Bhusan 0aAgriculturally important microorganisms : bmechanisms and applications for sustainable agriculture / cBibhuti Bhusan Mishra a1st ed. aNew Delhi : bNew India Publishing Agency,c2021. axii, 243 p.; hb a Microorganisms a Sustainable agriculture aAgricultural microbiology a Nayak, Suraja Kumar a Pahari, Avishek